| 000 | 00441nam a22001817a 4500 | ||
|---|---|---|---|
| 003 | NUST - PNEC | ||
| 005 | 20170116181143.0 | ||
| 008 | 151008b xxu||||| |||| 00| 0 eng d | ||
| 020 | _a- | ||
| 040 | _cLIBRARY | ||
| 082 | _a954.9 NIA | ||
| 100 |
_914837 _aMuhammad Aslam Khan Niazi |
||
| 245 |
_aPakistan k taleemi masael (Urdu) _cMuhammad Aslam Khan Niazi |
||
| 250 | _a- | ||
| 260 | _c1994 | ||
| 650 | _xGeneral | ||
| 942 |
_2ddc _cBK |
||
| 999 |
_c70594 _d70594 |
||